A game at chesse /

Bibliographic Details
Main Author: Middleton, Thomas, -1627
Other Authors: Bald, R. C. (Robert Cecil), 1901-1965
Format: Book
Language:English
Published: Cambridge [England] : University Press, 1929.

MARC

Tag First Indicator Second Indicator Subfields
LEADER 00000cam a2200000 4500
001 in00000029596
005 20151007062843.0
008 770218s1929 enka 00000 eng
010 |a  30012424  
035 |a (OCoLC)02747960 
035 |9 AAD5949AM 
040 |a DLC  |c TOL  |d TXA  |d UtOrBLW 
049 |a TXAM  |c [247346] 
050 0 0 |a PR2714  |b .G3 1929 
082 0 |a 822.39 
092 |a 822  |b M629g 
100 1 |a Middleton, Thomas,  |d -1627. 
245 1 2 |a A game at chesse /  |c edited by R. C. Bald. 
264 1 |a Cambridge [England] :  |b University Press,  |c 1929. 
300 |a ix, 172 pages :  |b illustrations 
336 |a text  |b txt  |2 rdacontent 
337 |a unmediated  |b n  |2 rdamedia 
338 |a volume  |b nc  |2 rdacarrier 
700 1 |a Bald, R. C.  |q (Robert Cecil),  |d 1901-1965. 
999 |a MARS 
999 f f |s 97906ab5-375e-3375-925f-919a3cbfb83d  |i 95eac020-5cae-3e5f-8586-0fdb3c2def63  |t 0 
952 f f |p ric  |a Texas A&M University  |b Rellis Campus  |c Joint Library Facility  |d Remote Storage  |t 0  |e PR2714 .G3 1929  |h Library of Congress classification  |i unmediated -- volume  |m A14801298700 
998 f f |a PR2714 .G3 1929  |t 0  |l Remote Storage